000 00481nam a2200169Ia 4500
005 20250508162331.0
008 008 250505s9999 xx 000 0 eng d
037 _aTextual
040 _aFEDL
_beng
_cFEDL
041 _aeng
_2eng
084 _aB, RAI
_qFEDL
245 0 _aStory of my life by Lala Lajpat Rai : An unknown fragment
260 _aNew Delhi, India
_bGitanjali Prakashan
_c1978
300 _a120p.
942 _cTEXL
_hB, RAI
999 _c1375904
_d1375904